[Collection of diploma certificates relating to Percy Crabtree's election to Professional Associate and Fellow of the Surveyors' Institution] (Record no. 116415)

MARC details
000 -LEADER
fixed length control field 00810cac a22002175a 4500
001 - CONTROL NUMBER
control field L140670
008 - FIXED-LENGTH DATA ELEMENTS--GENERAL INFORMATION
fixed length control field 071004i19021910xxk eng u
035 ## - SYSTEM CONTROL NUMBER
System control number (Sirsi) u140670
041 0# - LANGUAGE CODE
Language code of text/sound track or separate title eng
110 2# - MAIN ENTRY--CORPORATE NAME
Corporate name or jurisdiction name as entry element Surveyors' Institution
9 (RLIN) 3783
245 01 - TITLE STATEMENT
Title [Collection of diploma certificates relating to Percy Crabtree's election to Professional Associate and Fellow of the Surveyors' Institution]
Medium [manuscript]
260 ## - PUBLICATION, DISTRIBUTION, ETC.
Date of publication, distribution, etc. 1902, 1910
300 ## - PHYSICAL DESCRIPTION
Extent 2 sheets
Dimensions 21 x 21 cm.
351 ## - ORGANIZATION AND ARRANGEMENT OF MATERIALS
Hierarchical level Fonds
500 ## - GENERAL NOTE
General note Diploma certificates date from 28 October 1902 (Professional Associate) and 24 January 1910 (Fellow).
500 ## - GENERAL NOTE
General note Certificates are mounted, however one of the mounts has been partially removed.
600 14 - SUBJECT ADDED ENTRY--PERSONAL NAME
Personal name Crabtree, Percy
651 4# - SUBJECT ADDED ENTRY--GEOGRAPHIC NAME
Geographic name United Kingdom
Chronological subdivision
690 ## - LOCAL SUBJECT ADDED ENTRY--TOPICAL TERM (OCLC, RLIN)
Topical term or geographic name as entry element ABOUT RICS
942 ## - ADDED ENTRY ELEMENTS (KOHA)
Suppress in OPAC 0
Holdings
Withdrawn status Lost status Source of classification or shelving scheme Damaged status Not for loan Home library Current library Shelving location Date acquired Total Checkouts Full call number Barcode Date last seen Copy number Price effective from Koha item type
    Dewey Decimal Classification     Historic collection Historic collection Historic collection 04/10/2007   MAP CABINET DRAWER 2 140670-2001 06/08/2019 1 06/08/2019 Archive